000 00293nam a2200097Ia 4500
082 _aT 616.911 GONZ
245 0 _aFrequently asked questions about human papillomavirus
100 _a Gonzalez, Lissette New York, 2009
_975970
942 _cBK
008 210817s9999 xx 000 0 und d
999 _c253857
_d253856